ბათუმის შოთა რუსთაველის სახელმწიფო უნივერსიტეტის ბიბლიოთეკა

სტატისტიკური პროგნოზირება ეკონომიკასა და ბიზნესში. წ. 1 : (ბიბ.ჩანაწერი № 56552)

000 -ლიდერი
ფიქსირებული სიგრძის საკონტროლო ველი 01383nam a2200253Ia 4500
001 - საკონტროლო ნომერი
საკონტროლო ველი 23666
003 - საკონტროლო ნომრის იდენტიფიკატორი
საკონტროლო ველი GE_BSU
005 - ბოლო ოპერაციის თარიღი და დრო
საკონტროლო ველი 20191029160329.0
008 - ფიქსირებული სიგრძის მონაცემთა ელემენტები - ზოგადი ინფორმაცია
ფიქსირებული სიგრძის საკონტროლო ველი 181216s2017||||ge |||||||||||||| ||geo||
020 ## - წიგნის საერთაშორისო სტანდარტული ნომერი
International Standard Book Number 9789941253119
041 ## - ენის კოდი
Language code of text/sound track or separate title geo
080 ## - უნივერსალური ათობითი კლასიფიკაციის ინდექსი
Universal Decimal Classification number 338.27(075.8)+311.14 გ-29
100 ## - მთავარი ჩანაწერი - პიროვნების სახელი
Personal name გელაშვილი, სიმონ.
9 (RLIN) 5080
245 ## - ცნობა სათაურის შესახებ
Title სტატისტიკური პროგნოზირება ეკონომიკასა და ბიზნესში. წ. 1 :
Remainder of title სახელმძღვანელო /
Statement of responsibility, etc სიმონ გელაშვილი ; რედ : ნინო აბესაძე ; ყდის დიზ : ელენე ვარამაშვილი .
264 ## - წარმოების, გამოცემის, დისტრიბუციის და სხვა ცნობები
გამოცემის, წარმოების, დისტრიბუციის... ადგილი თბილისი :
გამოცემის, წარმოების, დისტრიბუციის... სახელწოდება მერიდიანი,
გამოცემის, წარმოების, დისტრიბუციის... თარიღი 2017.
300 ## - ფიზიკური აღწერა
Extent 326 გვ. :
Other physical details გრაფ..
Dimensions 20 სმ.
504 ## - BIBLIOGRAPHY, ETC. NOTE
Bibliography, etc ბიბლიოგრ.: გვ. 321-325.
520 ## - SUMMARY, ETC.
Summary, etc თავფურცლის მე-3 გვერდი ინგლ. ენაზე.
653 ## - INDEX TERM--UNCONTROLLED
Uncontrolled term ეკონომიკა, სტატისტიკა
653 ## - INDEX TERM--UNCONTROLLED
Uncontrolled term ეკონომიკა
700 ## - ADDED ENTRY--PERSONAL NAME
Personal name ბესაძე , ნინო
Relator term რედაქტორი
9 (RLIN) 5081
700 ## - ADDED ENTRY--PERSONAL NAME
Personal name ვარამაშვილი, ელენე
Relator term ყდის დიზაინერი
9 (RLIN) 5082
942 ## - ADDED ENTRY ELEMENTS (KOHA)
Koha item type წიგნი
Source of classification or shelving scheme
ეგზემპლარები
ჩამოწერის სტატუსი დაკარგული ეგზემპლარის სტატუსი კლასიფიკაციის წყარო ან თაროზე გაწყობის სქემა დაზიანების სტატუსი არ გაიცემა მუდმივი მდებარეობა (დაცვის ადგილი) ამჟამინდელი ადგილსამყოფელი თაროზე განთავსების ადგილი შეძენის თარიღი ღირებულება, შესყიდვის ნორმალური ფასი სრული შენახვის შიფრი შტრიხკოდი ბოლო ოპერაციის თარიღი ეგზემპლარის მიმდევრობითი ნომერი (კეტერი?) ფასის ძალაში შესვლის თარიღი ეგზემპლარის სახეობა საჯარო შენიშვნა
          ბათუმის შოთა რუსთაველის სახელმწიფო უნივერსიტეტის მთავარი ბიბლიოთეკა ბათუმის შოთა რუსთაველის სახელმწიფო უნივერსიტეტის მთავარი ბიბლიოთეკა წიგნსაცავი 2018-12-17 17.00 338.27(075.8)+311.14 გ-29 58994 2018-12-17 58994 2018-12-17 წიგნი 17. 40 თ.
          ბათუმის შოთა რუსთაველის სახელმწიფო უნივერსიტეტის მთავარი ბიბლიოთეკა ბათუმის შოთა რუსთაველის სახელმწიფო უნივერსიტეტის მთავარი ბიბლიოთეკა წიგნსაცავი 2018-12-17 17.00 338.27(075.8)+311.14 გ-29 58995 2018-12-17 58995 2018-12-17 წიგნი 17. 40 თ.
          ბათუმის შოთა რუსთაველის სახელმწიფო უნივერსიტეტის მთავარი ბიბლიოთეკა ბათუმის შოთა რუსთაველის სახელმწიფო უნივერსიტეტის მთავარი ბიბლიოთეკა წიგნსაცავი 2018-12-17 17.40 338.27(075.8)+311.14 გ-29 58996 2018-12-17 58996 2018-12-17 წიგნი 17.40 თ.
          ბათუმის შოთა რუსთაველის სახელმწიფო უნივერსიტეტის მთავარი ბიბლიოთეკა ბათუმის შოთა რუსთაველის სახელმწიფო უნივერსიტეტის მთავარი ბიბლიოთეკა წიგნსაცავი 2018-12-17 17.00 338.27(075.8)+311.14 გ-29 58997 2018-12-17 58997 2018-12-17 წიგნი 17. 40 თ.
          ბათუმის შოთა რუსთაველის სახელმწიფო უნივერსიტეტის მთავარი ბიბლიოთეკა ბათუმის შოთა რუსთაველის სახელმწიფო უნივერსიტეტის მთავარი ბიბლიოთეკა წიგნსაცავი 2018-12-17 17.40 338.27(075.8)+311.14 გ-29 58998 2018-12-17 58998 2018-12-17 წიგნი 17.40 თ.